Statistics for Name the characters in Stranger Things

Click here to take the quiz!

General Stats

  • This quiz has been taken 18 times
  • The average score is 12 of 16

Answer Stats

Answer% Correct
Eleven
100%
JIm Hopper
88%
Mike Wheeler
88%
Nancy Wheeler
88%
Steve Harrington
88%
Will Byers
88%
Joyce Byers
82%
Vecna
82%
Dustin Henderson
76%
Eddie Munson
76%
Erica Sinclair
71%
Lucas Sinclair
71%
Robin Buckley
71%
Max Mayfield
65%
Murray Bauman
59%
Billy Hargrove
53%

Score Distribution

Percentile by Number Answered

Percent of People with Each Score

Your Score History

You have not taken this quiz